मायेचा बाजार. (Record no. 264088)

MARC details
000 -LEADER
fixed length control field 00566nam a2200181Ia 4500
008 - FIXED-LENGTH DATA ELEMENTS--GENERAL INFORMATION
fixed length control field 090630s9999 xx 000 0 und d
082 ## - DEWEY DECIMAL CLASSIFICATION NUMBER
Item number 12232
100 ## - MAIN ENTRY--PERSONAL NAME
Personal name आपटे ह. ना.
245 ## - TITLE STATEMENT
Title मायेचा बाजार.
Statement of responsibility, etc आपटे ह. ना.
260 ## - PUBLICATION, DISTRIBUTION, ETC. (IMPRINT)
Name of publisher, distributor, etc रम्यकथा.
Date of publication, distribution, etc 1973
300 ## - PHYSICAL DESCRIPTION
Extent 508
600 ## - SUBJECT ADDED ENTRY--PERSONAL NAME
Personal name आपटे ह. ना.
630 ## - SUBJECT ADDED ENTRY--UNIFORM TITLE
Uniform title मायेचा बाजार.
655 ## - INDEX TERM--GENRE/FORM
Genre/form data or focus term कादंबरी.
700 ## - ADDED ENTRY--PERSONAL NAME
Personal name आपटे ह. ना.
730 ## - ADDED ENTRY--UNIFORM TITLE
Uniform title मायेचा बाजार.
942 ## - ADDED ENTRY ELEMENTS (KOHA)
Koha item type Book
Holdings
Withdrawn status Lost status Damaged status Not for loan Home library Current library Date acquired Cost, normal purchase price Total Checkouts Full call number Barcode Date last seen Cost, replacement price Price effective from Koha item type
        Sarvajanik Wachanalaya Shrivardhan Sarvajanik Wachanalaya Shrivardhan 10/03/1993 112.00   12232 SAWASHRI-12232 06/30/2009 112.00 06/30/2009 Book